Plantas medicinales / (Record no. 5552)

MARC details
000 -LEADER
campo de control de longitud fija 01066nam a2200277 i 4500
001 - NÚMERO DE CONTROL
campo de control 5552
003 - IDENTIFICADOR DE NÚMERO DE CONTROL
campo de control ES-MaACL
005 - FECHA Y HORA DE LA ÚLTIMA TRANSACCIÓN
campo de control 20250806064054.0
007 - CAMPO FIJO DE DESCRIPCIÓN FÍSICA--INFORMACIÓN GENERAL
campo de control de longitud fija t|
008 - DATOS DE LONGITUD FIJA--INFORMACIÓN GENERAL
campo de control de longitud fija 881111s1982 sp ||||1| spa d
020 ## - NÚMERO INTERNACIONAL ESTÁNDAR DEL LIBRO
Número Internacional Estándar del Libro 84-313-0736-6
080 ## - NÚMERO DE LA CLASIFICACIÓN DECIMAL UNIVERSAL
Número de la Clasificación Decimal Universal 633.88
100 1# - ENTRADA PRINCIPAL--NOMBRE DE PERSONA
Nombre de persona Fernández, Margarita.
9 (RLIN) 49404
245 10 - MENCIÓN DEL TÍTULO
Título Plantas medicinales /
Mención de responsabilidad, etc. Margarita Fernández, Ana Nieto ; coordinador, Felix Alvarez de la Vega.
260 ## - PUBLICACIÓN, DISTRIBUCIÓN, ETC.
Lugar de publicación, distribución, etc. [S.l.] :
Nombre del editor, distribuidor, etc. Consejo General de Colegios Oficiales de Farmaceuticos ; Pamplona : Ediciones Universidad de Navarra,
Fecha de publicación, distribución, etc. D.L.1982.
300 ## - DESCRIPCIÓN FÍSICA
Extensión 255 p. :
Otras características físicas il. ;
Dimensiones 18 cm.
490 1# - MENCIÓN DE SERIE
Mención de serie Biblioteca NT Ciencias experimentales ;
Designación de volumen o secuencia 4
500 ## - NOTA GENERAL
Nota general Bibliografia. Indice.
650 17 - PUNTO DE ACCESO ADICIONAL DE MATERIA--TÉRMINO DE MATERIA
Término de materia o nombre geográfico como elemento de entrada Plantas medicinales
Fuente del encabezamiento o término embne
9 (RLIN) 16118
700 1# - ENTRADA AGREGADA--NOMBRE PERSONAL
Nombre de persona Nieto, Ana.
9 (RLIN) 85651
700 1# - ENTRADA AGREGADA--NOMBRE PERSONAL
Nombre de persona Alvarez de la Vega, Félix.
9 (RLIN) 20762
700 2# - ENTRADA AGREGADA--NOMBRE PERSONAL
Nombre de persona Consejo General de Colegios Oficiales de Farmacéuticos (España)
9 (RLIN) 194824
830 0# - PUNTO DE ACCESO ADICIONAL DE SERIE-TÍTULO UNIFORME
Título uniforme Biblioteca NT Ciencias experimentales ;
Designación de volumen o secuencia 4
9 (RLIN) 227704
852 ## - LOCALIZACIÓN
Ubicación ES-MaACL
Número de control de estantería L-12238
Sublocalización o colección R.115379
Nota libre . - Rust.
Holdings
Estatus retirado Estado de pérdida Estado de daño No para préstamo Biblioteca de origen Biblioteca actual Ubicación en estantería Fecha de adquisición Fuente de adquisición Total de préstamos Signatura topográfica completa Código de barras Visto por última vez Precio de reemplazo Tipo de ítem Koha
        Biblioteca del Ateneo de Madrid Biblioteca del Ateneo de Madrid Depósito 2 17/01/2008     L-12238 1005626 23/02/2023 23/02/2023 Libro impreso